[Event "CAN-ch U12"]
[Site "Quebec"]
[Date "2018.07.04"]
[Round "5.70"]
[White "Gu, Chuyang"]
[Black "Mugunthan, Vaamanan"]
[Result "1-0"]
[WhiteElo "1911"]
[BlackElo "1418"]
[PlyCount "55"]
[EventDate "2018.07.02"]
[EventType "swiss"]
[EventRounds "7"]
[EventCountry "CAN"]
[SourceTitle "EXT 2022"]
[Source "ChessBase"]
[SourceDate "2021.10.06"]
[SourceVersion "1"]
[SourceVersionDate "2021.10.06"]
[SourceQuality "1"]

1. e4 e5 2. Nf3 Nc6 3. Bb5 a6 4. Ba4 Nf6 5. 0-0 Be7 6. Re1 b5 7. Bb3 0-0 8. c3 d6 9. h3 h6 10. d4 Bb7 11. Nbd2 Qd7 12. Nf1 Rfe8 13. Ng3 Kh7 14. Bxf7 Rf8 15. Bb3 exd4 16. cxd4 a5 17. Bc2 Kg8 18. a4 b4 19. Nf5 Bd8 20. Bd3 Ne7 21. Nxe7+ Bxe7 22. e5 dxe5 23. Nxe5 Qd5 24. Bc4 Qxc4 25. Nxc4 Bd8 26. Ne5 Re8 27. Bf4 Nh5 28. Qxh5 1-0

[Event "CAN-ch U12"]
[Site "Sault Ste Marie"]
[Date "2017.07.07"]
[Round "3.65"]
[White "Zhao, Jeffrey Renfei"]
[Black "Mugunthan, Vaamanan"]
[Result "1-0"]
[WhiteElo "1525"]
[BlackElo "865"]
[PlyCount "51"]
[EventDate "2017.07.06"]
[EventType "swiss"]
[EventRounds "7"]
[EventCountry "CAN"]
[SourceTitle "EXT 2022"]
[Source "ChessBase"]
[SourceDate "2021.10.06"]
[SourceVersion "1"]
[SourceVersionDate "2021.10.06"]
[SourceQuality "1"]

1. e4 e5 2. Nf3 Nc6 3. Bc4 Be7 4. 0-0 Nf6 5. Re1 0-0 6. c3 d6 7. d4 exd4 8. cxd4 Re8 9. Nc3 Bg4 10. Be3 h6 11. Qd2 Bxf3 12. gxf3 Nh7 13. f4 Bh4 14. Kh1 Qd7 15. Rg1 Kh8 16. Rg2 Rg8 17. Rag1 Na5 18. Bb5 c6 19. Bd3 b5 20. b3 Nb7 21. e5 d5 22. f5 Bg5 23. Bxg5 hxg5 24. Rxg5 Nxg5 25. Qxg5 g6 26. Qh6# 1-0

[Event "CAN-ch U12"]
[Site "Sault Ste Marie"]
[Date "2017.07.06"]
[Round "1.61"]
[White "Liu, Harry"]
[Black "Mugunthan, Vaamanan"]
[Result "1-0"]
[WhiteElo "1734"]
[BlackElo "865"]
[PlyCount "31"]
[EventDate "2017.07.06"]
[EventType "swiss"]
[EventRounds "7"]
[EventCountry "CAN"]
[SourceTitle "EXT 2022"]
[Source "ChessBase"]
[SourceDate "2021.10.06"]
[SourceVersion "1"]
[SourceVersionDate "2021.10.06"]
[SourceQuality "1"]

1. e4 e5 2. Nf3 Nc6 3. Bc4 Be7 4. 0-0 Nf6 5. Re1 0-0 6. d4 exd4 7. Nxd4 d6 8. Nc3 Bd7 9. a3 a6 10. Be3 b5 11. Bd5 Nxd5 12. Nxd5 Bf6 13. c4 Be6 14. Nxc6 Qd7 15. Nxf6+ gxf6 16. Nd4 1-0